| 000 | 02175cam a2200481M 4500 | ||
|---|---|---|---|
| 003 | PE-LiUPU | ||
| 005 | 20250731172852.0 | ||
| 008 | 150128s2011 vtu r 000 eng d | ||
| 020 | _a1580237894 | ||
| 020 | _a9781580237895 | ||
| 035 | _a(Sirsi) i9781580237895 | ||
| 040 |
_aATBIA _bspa _cATBIA _dOCLCQ _dYDXCP _dBTCTA _dBDX _dPE-LiUPU _erda |
||
| 082 | 0 | 0 |
_a222.106 _bT7 _223 |
| 245 | 0 | 0 |
_aTorah revolution : _b: fourteen truths that changed the world _c/ Reuven Hammer. |
| 300 | _ax, 219 páginas. | ||
| 336 |
_atext _2rdacontent |
||
| 337 |
_aunmediated _2rdamedia |
||
| 338 |
_avolume _2rdacarrier |
||
| 504 | _aBibliografía : páginas 210-213. | ||
| 504 | _aÍndice: páginas 214-219. | ||
| 505 | 0 | _PartI: Divinity -- God is unique -- No divine power of evil exists -- Morality is God's Supreme Demand -- Worship is for the benefit of humans -- Part II: Humanity -- Human life is sacred -- All human beings are equal -- Men and women are equal -- Human beings have free will -- Part III: Society -- Hman sovereignty is limited -- The priesthood is divorced from magic -- Land and wealth are to be distributed equally -- Slavery must be mitigated -- The needy must be cared dor -- A day of rest for all. | |
| 526 | _aSEG42 | ||
| 526 | _aSEG41 | ||
| 526 | _aSEG40 | ||
| 526 | _aSEG39 | ||
| 526 | _aP94 | ||
| 526 | _aP87 | ||
| 526 | _aP86 | ||
| 526 | _aP85 | ||
| 526 | _aP77 | ||
| 526 | _aP76 | ||
| 526 | _aP35 | ||
| 650 | 4 |
_aBible. _pA.T. _pPentateuco _xCrítica, interpretación, etc.. |
|
| 650 | 4 |
_aIgualdad _xAspectos religiosos. |
|
| 910 |
_ajck _bebj _cebj _d20160615 |
||
| 942 |
_2ddc _cBOOK |
||
| 949 |
_a222.106 T7 _wDEWEY _c1 _i73648 _lCCODEBUL1 _mBUL _p5.00 _r0 _sY _tBOOK _u2016-6-15 _xTEOLOGIA _PP35 _0COMPRA _o.STAFF. Colección General Teología |
||
| 994 |
_aC0 _bPEPRU |
||
| 596 | _a1 | ||
| 999 |
_a222.106 T7 _wDEWEY _c9964 _i73648 _f2021-11-9 _g5 _lCCODEBUL1 _mBUL _p5.00 _r0 _sY _tBOOK _u2016-6-15 _xTEOLOGIA _PP35 _0COMPRA _o.STAFF. Colección General Teología _d9964 |
||
| 264 |
_aWoodstock, Vt _b: Jewish Lights Pub., _c2011. |
||
| 980 |
_81 _gALBERTO SANCHEZ Responsable de Automatización |
||